000 00904cam a2200217 4500
001 WB3801-26
008 020109n2002 000 0 eng u
035 _a(Sirsi) u116218
245 _aAssessing anti-flood devices
260 _c2002
490 _aBRE Press Release
_v19 December 2001, (1)
520 _aSchemes for assessing devices designed to prevent floodwater entering buildings are now available from BRE Certification Ltd. The scheme will enable building and property insurers to determine flood damage risk based on the use of approved devices for anti-flooding protection. For details about the scheme T: +44 (0) 1923 664100; or visit: http://www.brecertification.co.uk
590 _aWB
650 _aBRE
650 _aFLOODING
650 _aFLOOD PREVENTION
650 _aASSESSMENTS
650 _aEnvironment
_96238
690 _aMANAGEMENT-FACILITIES MANAGEMENT
942 _n0
999 _c69238
_d69238